| 000 | 00401nam a22001217a 4500 | ||
|---|---|---|---|
| 020 | _a9787550248014 | ||
| 082 |
_a371.30281 _bQIU |
||
| 245 |
_aAkiba: how to efficiently read a book(Chinese Edition) / _cQIU YE ( ZHANG ZHI ) |
||
| 260 |
_aBeijing : _bJoint Publishing Company, _c2015. |
||
| 300 |
_a234 p. ; _c24 cm. |
||
| 880 |
_6245-02\r _a秋叶原:如何有效地阅读一本书 / |
||
| 942 |
_2ddc _cBK |
||
| 999 |
_c591721 _d591721 |
||